000 00692nam a2200229Ia 4500
003 GCL
008 140319s9999 xx 000 0 ara d
040 _aGCL /
_cGCL
082 0 4 _a257
_bك ف
100 1 _aمحمد احمد سراج
245 1 0 _aفى تاريخ التشريع الاسلامى /
_cمحمد احمد سراج
700 1 _aحسن محمود الشافعى
700 1 _aكولسون , ن ج
260 _a[S.N] :
_bدار النصحى ،
_c1982
300 _a447 ص
490 _a
650 0 4 _aتاريخ
650 0 4 _aالشريعة الاسلامية
650 0 4 _aالتاريخ الاسلامى
650 0 4 _aالفقه الاسلامى
942 _2ddc
_cBK
999 _c32008
_d32008